Implementación del estandar de graficación, "Graphical Kernel System"

সংরক্ষণ করুন:
গ্রন্থ-পঞ্জীর বিবরন
প্রধান লেখক: Boza Araya, Enrique, 1962-
অন্যান্য লেখক: Piedra Arrieta, Ronald, 1964-, Ugalde Resenterra, Sergio, 1965-
বিন্যাস: গ্রন্থ
প্রকাশিত: San José, Costa Rica 1990
বিষয়গুলি:
ট্যাগগুলো: ট্যাগ যুক্ত করুন
কোনো ট্যাগ নেই, প্রথমজন হিসাবে ট্যাগ করুন!

MARC

LEADER 00000nam a2200000Ia 4500
003 005028
005 20231206100444.0
008 140114s1990 cr a m 000 ||s d
040 |c cru CEDI 
090 |a TFG 2375 
100 |a Boza Araya, Enrique, 1962-  |9 1980 
245 |a Implementación del estandar de graficación, "Graphical Kernel System"  
260 |a San José, Costa Rica  |c 1990 
300 |a  2 volúmenes ; 28 cm.  
500 |a  Proyecto de graduación (licenciatura en computación e informática)--Universidad de Costa Rica. Facultad de Ingeniería. Escuela de Ciencias de la Computación e Informática 
501 |a En Centro de Documentacion e Información: Sólo Volumen II : Apéndices  
650 |x GRAFICOS POR COMPUTADORA  |9 12923 
700 |a Piedra Arrieta, Ronald, 1964-  |9 1981 
700 |a Ugalde Resenterra, Sergio, 1965-  |9 1982 
942 |c TFG  |h TFG 2375  |i 005028  |6 TFG_2375_005028000000000 
999 |c 20306  |d 20306